<The> future of value-added taxation in the European Community.

Ustavenie jednotného trhu v roku 1993 a odstránenie vnútorných hraníc si vyžaduje reformu súčasných daní z pridanej hodnoty. Po vykonanom výbere základného systému tohto zdanenia ostávajú otvorené dlhodobé perspektívy vývoja dane z pridanej hodnoty. Rozbor alternatív tohto vývoja. Očakáva sa, že daň...

Ausführliche Beschreibung

Gespeichert in:
Bibliographische Detailangaben
1. Verfasser: Spahn, P.B
Format: Buchkapitel
Sprache:Englisch
Schlagworte:
Tags: Tag hinzufügen
Keine Tags, Fügen Sie das erste Tag hinzu!

MARC

LEADER 00000naa a2200000 4500
001 r009576
005 20221130112943.3
041 0 |a eng 
044 |a DE 
245 1 0 |a <The> future of value-added taxation in the European Community.  |c P.B. Spahn 
520 |a Ustavenie jednotného trhu v roku 1993 a odstránenie vnútorných hraníc si vyžaduje reformu súčasných daní z pridanej hodnoty. Po vykonanom výbere základného systému tohto zdanenia ostávajú otvorené dlhodobé perspektívy vývoja dane z pridanej hodnoty. Rozbor alternatív tohto vývoja. Očakáva sa, že daň z pridanej hodnoty bude zdrojom príjmov do rozpočtu ES s výrazným účinkom na formovanie financií Spoločenstva. 
610 2 0 |a dane z hodnoty pridanej 
610 2 0 |a Európske spoločenstvá 
610 2 0 |a reformy daňové 
610 2 0 |a financie 
610 2 0 |a sústava daňová 
610 2 0 |a 1993 
100 1 |a Spahn, P.B.